How to do it : (Record no. 5001)

MARC details
000 -LEADER
fixed length control field 00556nam a22001937a 4500
003 - CONTROL NUMBER IDENTIFIER
control field OSt
005 - DATE AND TIME OF LATEST TRANSACTION
control field 20160816143534.0
008 - FIXED-LENGTH DATA ELEMENTS--GENERAL INFORMATION
fixed length control field 160816b xxu||||| |||| 00| 0 eng d
020 ## - INTERNATIONAL STANDARD BOOK NUMBER
International Standard Book Number 0727908952
040 ## - CATALOGING SOURCE
Transcribing agency 040a
082 ## - DEWEY DECIMAL CLASSIFICATION NUMBER
Classification number WB 141
Item number H82 1995
245 ## - TITLE STATEMENT
Title How to do it :
Remainder of title 2 examinations/ academia/research and communication /
Statement of responsibility, etc. Deborah Reece
260 ## - PUBLICATION, DISTRIBUTION, ETC. (IMPRINT)
Place of publication, distribution, etc. London
Name of publisher, distributor, etc. BMJ Publishing group
Date of publication, distribution, etc. 1995
300 ## - PHYSICAL DESCRIPTION
Extent x, 227p;
Other physical details ill :
Dimensions 13 cm.
504 ## - BIBLIOGRAPHY, ETC. NOTE
Bibliography, etc Includes index
650 ## - SUBJECT ADDED ENTRY--TOPICAL TERM
Topical term or geographic name as entry element Examinations
9 (RLIN) 10699
700 ## - ADDED ENTRY--PERSONAL NAME
Personal name Reece, Deborah
9 (RLIN) 10700
942 ## - ADDED ENTRY ELEMENTS (KOHA)
Source of classification or shelving scheme Other/Generic Classification Scheme
Koha item type Open Shelf
Holdings
Withdrawn status Lost status Source of classification or shelving scheme Damaged status Not for loan Home library Current library Date acquired Source of acquisition Inventory number Total Checkouts Full call number Barcode Date last seen Price effective from Koha item type
    Other/Generic Classification Scheme     MUST Main Library MUST Main Library 16/08/2016   2003/18124   WB 141 H82 1995 2016-3652 16/08/2016 16/08/2016 Open Shelf
    Other/Generic Classification Scheme     MUST Main Library MUST Main Library 16/08/2016   2003/18126   WB 141 H82 1995 2016-3653 16/08/2016 16/08/2016 Open Shelf
    Other/Generic Classification Scheme     MUST Main Library MUST Main Library 16/08/2016   2003/18125   WB 141 H82 1995 2016-3654 16/08/2016 16/08/2016 Open Shelf
    Dewey Decimal Classification     MUST Main Library MUST Main Library 04/07/2024 Purchase 07/28454   WB 141 H82 1995 2024-21770 04/07/2024 04/07/2024 Open Shelf